Statistiques concernant Culture Japonaise

Cliquez ici pour prendre le quiz!

Statistiques générales

  • Ce quiz a été pris 136 fois
  • Le résultat moyen est 7 sur 15

Statistiques - réponses

Hint Answer % Correct
Laquelle de ces iles ne fait pas partie des 4 iles principales du Japon : Honshu, Okinawa, Hokkaido, Shikoku, Kyushu ?Okinawa
91%
Comment appelle-t-on les fleurs de cerisier qui parent le japon de rose au début du printemps ?Sakura
78%
Quel art martial peut se traduire par "la voie de la souplesse" ?Judo
73%
Comment se nomme la religion ancestrale et animiste, particulière au Japon, dont la déesse du soleil Amaterasu est la principale divinité ?Shintoïsme
66%
Quel mot inventé au japon, signifiant "orchestre vide", désigne un divertissement très populaire au Japon ?Karaoké
49%
Quel nom porte la tenue faite d'étoffes légères, que portent les femmes en été, ou que porte les japonais aux Onsen ?Yukata
46%
Dans la légende urbaine, comment s'appelle le chien qui a été immortalisé en statue à la station Shibuya, à Tokyo ?Hachiko
41%
Comment se nommait l'empereur japonais, qui régna à partir de 1868 et qui donna son nom à la révolution contre l'autorité du Shogun ?Meiji
35%
Comment appelle-t-on les photomatons, oú les jeunes filles aiment se faire prendre en photo entre copines et décorer ces photos avec une panoplie de motifs plus mignons les uns que les autresPurikura
34%
Quand nous pouvons voir un visage sur la lune, quel animal voient les japonais sur la face éclairée selon un conte pour un enfant ?Lapin
33%
Quel nom donne-t-on aux petit magasins qui vendent de tout et qui sont ouvert 24h/24h et 7j/7 ?Combini
28%
Comment se nomme le peuple autochtone de l'ile d'Hokkaido, pacifié par les japonais au 8ème siècle par la japonais dont il reste peu de rescapé ?Ainu
23%
Quel était le prénom du premier shogun de la dynastie Tokugawa, dynastie qui régna sur le Japon de 1603 à 1868 ?Ieyasu
20%
Comment se nomme la période de vacance en mi-aout, connue comme étant la fête des morts ?Obon
20%
Dans quelle ville se trouve le chateau, célèbre pour ses murs blancs, construit au 12ème siècle et enregistré au patrimoine mondial de l'UNESCO ?Himeji
18%

Distribution des résultats

Percentile par nombre de réponses

% des personnes avec chaque résultat

Votre développement - résultats

Vous n’avez pas pris ce quiz